FC 24 Futties - Statistics

General Stats
  • This quiz has been taken 132 times
    109 since last reset
  • The average score is 44 of 184
Answer Stats
rat pos cub player % Correct
Futties 99 ST Manchester City Erling Haaland
97%
Futties 99 LW Al Hilal Neymar
97%
Futties 99 ST Al-Nassr Cristiano Ronaldo
95%
Futties 99 RW Liverpool Mohamed Salah
88%
Futties 99 RWB Bayer Leverkusen Jeremie Frimpong
81%
Futties 99 CM FC Barcelona Alexia Putellas
78%
Futties 99 LW Tottenham Hotspur Son Heung-Min
78%
Futties Hero 97 CAM Ligue 1 Abedi Pelé
74%
Futties Icon 99 CAM Brazil Pelé
74%
Futties 99 ST Chelsea Women Sam Kerr
71%
Futties 99 RW Barça Femení Caroline Graham Hansen
66%
Futties Icon 99 CM Japan Homare Sawa
64%
Futties Icon 99 ST USA Mia Hamm
60%
Futties 98 RW Paris Saint-Germain Ousmane Dembélé
60%
Futties 99 ST Manchester City Julián Álvarez
57%
Futties 98 CAM Arsenal Martin Ødegaard
57%
Futties 99 CB Manchester United Matthijs De Ligt
57%
Futties Icon 99 CF Portugal Eusébio
55%
Futties 97 CF Al-Ittihad Karim Benzema
55%
Futties Icon 99 CM England David Beckham
53%
Futties 97 CM FC Barcelona Gavi
53%
Futties 99 GK West Ham Wes Foderingham
53%
Futties Icon 98 ST Côte d'Ivoire Didier Drogba
52%
Futties 98 CDM Al-Ittihad N'Golo Kanté
52%
Futties Icon 98 ST Cameroon Samuel Eto'o
52%
Futties 98 CM Barça Femení Aitana Bonmatí
50%
Futties 97 LWB Bayer Leverkusen Álex Grimaldo
50%
Futties 97 ST FC Barcelona Robert Lewandowski
50%
Futties 99 LB PSG Féminine Sakina Karchaoui
50%
Futties 99 ST San Diego Wave Alex Morgan
48%
Futties Icon 98 RW Northern Ireland George Best
48%
Futties 97 LW Manchester United Marcus Rashford
47%
Futties Icon 98 RW Brazil Jairzinho
45%
Futties Icon 96 ST England Kelly Smith
45%
Futties Icon 98 CB England Rio Ferdinand
45%
Futties 98 ST Portland Thorns Sophia Smith
45%
Futties Icon 98 CB England Bobby Moore
43%
Futties 97 CM Real Madrid Luka Modrić
43%
Futties 97 CAM AS Roma Paulo Dybala
43%
Futties Icon 99 CDM Germany Philipp Lahm
43%
Futties Icon 98 CF Spain Raúl
43%
Futties 95 ST Fulham Raúl Jiménez
43%
Futties 98 ST Wolfsburg Women Alexandra Popp
41%
Futties 98 CF Chelsea Christopher Nkunku
41%
Futties Hero 99 CB Bundesliga Lúcio
41%
Futties 98 LB Barça Femení Fridolina Rolfö
38%
Futties Icon 98 RW Brazil Garrincha
38%
Futties 98 RB Chelsea Women Lucy Bronze
36%
Futties 98 CB OL Féminin Wendie Renard
36%
Futties 98 RB West Ham Aaron Wan-Bissaka
34%
Futties Icon 97 LM France Franck Ribéry
34%
Futties 97 LW Galatsaray Wilfried Zaha
34%
Futties 97 CM Inter Milan Nicolò Barella
33%
Futties Icon 97 ST Brazil Kaká
31%
Futties 97 CM Bayern Munich Leon Goretzka
31%
Futties 99 LW Chicago Red Stars Mallory Swanson
31%
Futties 98 LB Arsenal Riccardo Calafiori
31%
Futties Hero 98 ST Ligue 1 David Ginola
29%
Futties Icon 96 GK Czech Republic Petr Čech
29%
Futties 97 RW Washington Spirit Trinity Rodman
29%
Futties 97 CB Real Madrid David Alaba
28%
Futties Icon 97 CAM Brazil Socrates
28%
Futties 96 LB Liverpool Andrew Robertson
26%
Futties Icon 97 CF France Eric Cantona
26%
Futties 98 CM PSG Féminine Grace Geyoro
26%
Futties 97 RM Athletic Bilbao Iñaki Williams
26%
Futties 96 RB Chelsea Reece James
26%
Futties 95 GK Real Madrid Thibaut Courtois
26%
Futties 96 CDM Manchester United Casemiro
24%
Futties 95 CB Aston Villa Diego Carlos
24%
Futties 96 CF Al-Nassr Sadio Mané
24%
Futties Hero 96 LB Division 1 Féminine Sonia Bompastor
24%
Futties Icon 96 ST Bulgaria Hristo Stoichkov
22%
Futties Hero 97 RW Saudi Pro League Saeed Al Owairan
22%
Futties 97 RW Fulham Adama Traoré
21%
Futties Icon 97 CB Brazil Carlos Alberto
21%
Futties Hero 95 CB Bundesliga Jürgen Kohler
21%
Futties 97 CDM Bayern Frauen Lena Oberdorf
21%
Futties Icon 97 ST Spain Emilio Butragueño
19%
Futties Icon 96 CB Spain Fernando Hierro
19%
Futties Icon 95 CB Italy Franco Baresi
19%
Futties Icon 96 CF Italy Gianfranco Zola
19%
Futties 97 CF Atlético Madrid João Félix
19%
Futties Icon 97 LW Italy Roberto Baggio
19%
Futties Icon 96 LW Netherlands Robin van Persie
19%
Futties 97 ST Tottenham Hotspur Timo Werner
19%
Futties Icon 97 ST Ukraine Andriy Shevchenko
17%
Futties 96 RWB Inter Milan Denzel Dumfries
17%
Futties Icon 95 CDM Italy Gennaro Gattuso
17%
Futties 96 LW Manchester United Jadon Sancho
17%
Futties Icon 96 ST Netherlands Ruud van Nistelrooy
17%
Futties 96 LW FC Barcelona Ansu Fati
16%
Futties Icon 97 CF Netherlands Dennis Bergkamp
16%
Futties 96 ST Marseille Pierre-Emerick Aubameyang
16%
Futties 96 LB Manchester United Tyrell Malacia
16%
Futties 95 ST Atalanta Ademola Lookman
14%
Futties 95 LB Tottenham Hotspur Destiny Udogie
14%
Futties 97 CB West Ham Jean-Clair Todibo
14%
Futties Hero 96 ST Ligue 1 Jean-Pierre Papin
14%
Futties 95 RW OL Féminin Kadidiatou Diani
14%
Futties Icon 97 CB France Laurent Blanc
14%
Futties Hero 95 CB Premier League Ledley King
14%
Futties Hero 97 CDM Premier League Yaya Touré
14%
Futties 95 ST Villarreal Alexander Sørloth
12%
Futties 95 ST Lyon Alexandre Lacazette
12%
Futties Icon 96 CM Germany Bastian Schweinsteiger
12%
Futties 95 CB Juventus Bremer
12%
Futties 94 CDM Al-Ittihad Fabinho
12%
Futties 95 LM Borussia Dortmund Karim Adeyemi
12%
Futties 95 CAM Eintracht Frankfurt Mario Götze
12%
Futties 97 RB Barça Femení Ona Batlle
12%
Futties 95 CB AC Milan Pierre Kalulu
12%
Futties 95 ST Bayer Leverkusen Victor Boniface
12%
Futties Hero 97 CAM Serie A Wesley Sneijder
12%
Futties Hero 97 CAM Premier League Clint Dempsey
10%
Futties 95 LW Chelsea Women Guro Reiten
10%
Futties 95 CB Manchester United Harry Maguire
10%
Futties 95 CB Al Hilal Kalidou Koulibaly
10%
Futties Hero 95 LW MLS Landon Donovan
10%
Futties Hero 96 RM Ligue 1 Ludovic Giuly
10%
Futties 97 CM Atlético Madrid Marcos Llorente
10%
Futties Hero 96 LM Premier League Park Ji-Sung
10%
Futties Hero 95 ST Premier League Peter Crouch
10%
Futties Hero 95 RB Women's Super League Alex Scott
9%
Futties 97 ST Atlético Madrid Ángel Correa
9%
Futties 95 CDM KC Current Desiree Scott
9%
Futties Hero 96 ST La Liga Fernando Morientes
9%
Futties 95 CM Marseille Geoffrey Kondogbia
9%
Futties Hero 95 CAM Bundesliga Lars Ricken
9%
Futties Hero 95 CB La Liga Rafael Márquez
9%
Futties Hero 96 CB Liga Portugal Ricardo Carvalho
9%
Futties 96 CM Real Betis Féminas Rosa Márquez
9%
Futties 95 LB OL Féminin Selma Bacha
9%
Futties Hero 97 ST Premier League Tim Cahill
9%
Futties 96 CAM Madrid Femenino Caroline Weir
7%
Futties 97 GK NC Courage Casey Murphy
7%
Futties Hero 96 CAM Premier League Dirk Kuyt
7%
Futties Hero 96 LB Premier League John Arne Riise
7%
Futties 95 ST RB Leipzig Loïs Openda
7%
Futties 95 RM Al Hilal Malcom
7%
Futties Hero 96 CDM Premier League Ramires
7%
Futties 95 RW Real Sociedad Takefusa Kubo
7%
Futties Hero 97 CB Premier League Vincent Kompany
7%
Futties Hero 96 RW Premier League Andy Cole
5%
Futties Hero 96 CM Serie A Claudio Marchisio
5%
Futties 95 RB Fiorentina Dodô
5%
Futties 94 CF Galatasaray Dries Mertens
5%
Futties Hero 96 CB La Liga Javier Mascherano
5%
Futties 96 CB RB Leipzig Lukas Klostermann
5%
Futties 97 LW Arsenal Women Mariona
5%
Futties 95 CB Sampdoria Matteo Stoppa
5%
Futties 94 LB Newcastle Matt Targett
5%
Futties 95 RW West Ham Mohammed Kudus
5%
Futties Hero 95 CF Premier League Nwankwo Kanu
5%
Futties Hero 95 CAM La Liga Pablo Futre
5%
Futties 95 CM AC Milan Ruben Loftus-Cheek
5%
Futties 97 CM Beşiktaş Alex Oxlade-Chamberlain
3%
Futties 96 LM Fenerbahçe Allan Saint-Maximan
3%
Futties Icon 96 RW France Camille Abily
3%
Futties Hero 95 ST Serie A Diego Milito
3%
Futties 96 CM Newell's Old Boys Éver Banega
3%
Futties Hero 96 LM Premier League Freddie Ljungberg
3%
Futties 96 LW UD Tenerife Gift Monday
3%
Futties Hero 95 CAM Premier League Jay-Jay Okocha
3%
Futties 97 CM Juventus Khéphren Thuram
3%
Futties 95 CAM Real Betis Nabil Fekir
3%
Futties 96 RB Villarreal Femenino Nerea Pérez
3%
Futties Hero 95 ST Premier League Ole Gunnar Solskjær
3%
Futties 94 LB Racing Louisville Carson Pickett
2%
Futties Hero 96 ST Premier League Dimitar Berbatov
2%
Futties Hero 96 CB Serie A Iván Córdoba
2%
Futties 95 LW Chelsea Raheem Sterling
2%
Futties 97 RB Valencia Thierry Correia
2%
Futties 96 RM Bilbao Femenino Ane Azkona
0%
Futties 96 CAM OL Féminin Dzsenifer Marozsán
0%
Futties 94 CDM Al-Ahli Franck Kessié
0%
Futties 96 ST Levante Femenino Gabi Nunes
0%
Futties 95 CDM Bayern Munich João Palhinha
0%
Futties 95 ST VfL Wolfsburg Jonas Wind
0%
Futties 94 ST KC Current Kristen Hamilton
0%
Futties 95 RW AS Roma Stephan El Shaarawy
0%
Futties 96 ST Angel City Sydney Leroux
0%
Futties 96 LM AS Monaco Takumi Minamino
0%
Futties 96 CB UD Tenerife Thaís Ferreira
0%
No matching quizzes found
Score Distribution
Percent of People with Each Score
Percentile by Number Answered
Your Score History
You have not taken this quiz since the last reset